000 00617nam a2200229Ia 4500
003 OSt
005 20220927105404.0
006 a|||||r|||| 00| 0
007 ta
008 220926b |||||||| |||| 00| 0 eng d
020 _a9789211170382
024 _a194302
037 _cReference Collections
040 _aRTL
_cRTL
_beng
041 _2eng
_aeng
082 _a"U8.4893, P1"
245 0 _aROAD MAP for mainstreaming ageing in armenia
260 _aNew
_bYork United Nations
_c2011
300 _a"xii, 87 p"
_ccm.
942 _h"U8.4893, P1"
_cCC
999 _c692282
_d692282